Lehetséges minősítési rendszerek a rendezvényszervező vállalatok világában

Bibliográfiai részletek
Szerző: Szerényi András Dávid
További közreműködők: Csulak Gergely
Dokumentumtípus: Diplomadolgozat
Kulcsszavak:energiaválság
koronavírus-járvány (COVID-19)
minősítési rendszer
piaci kapcsolat
rendezvényszervezés
Online Access:http://dolgozattar.uni-bge.hu/59620

MARC

LEADER 00000nta a2200000 i 4500
001 dolg59620
005 20260409145321.0
008 260409suuuu hu om 000 hun d
040 |a BGE Dolgozattár Repozitórium  |b hun 
041 |a hu 
100 1 |a Szerényi András Dávid 
245 1 0 |a Lehetséges minősítési rendszerek a rendezvényszervező vállalatok világában  |c Szerényi András Dávid  |h [elektronikus dokumentum] 
520 3 |a Kutatásom célja, hogy felderítsem, milyen minősítési rendszerek vannak jelen most a piacon, emellett pediglehetséges megoldásokat keresek esetleges minősítési rendszerekre a rendezvényszervezői iparon belül. Munkámat szekunder kutatás előzte meg, amely során összeszedtem, milyen események, illetve változások befolyásolták a rendezvényszakmát, ideértve a pandémiát, az energiaválságot és az inflációt. Ezt követően a primer kutatás során mélyinterjúkat készítettem olyan neves szakemberekkel, mint Semsei Rudolf, a Semsei Gastronomy cégcsoport tulajdonosa, és a MaReSz gasztronómiai tagozatának az elnöke, Varga-Szabó Andreával, aki az Apple Ps Hostess Ügynökség tulajdonosa, illetve a MaReSz kiegészítő rendezvényszolgáltatók tagozatának az elnöke, Jenei Évával, aki a Michelin csillagos Essencia Restaurant társtulajdonosa, és Szűcs Balázzsal, a MaReSz főtitkárával. Kutatásom eredménye végsősoron, hogy nem lehetséges egy teljes egészében átfogó minősítési rendszert a rendezvényes ipar egészére megalkotni, viszont külön-külön a különböző szolgáltatóknak, mint a rendezvényhelyszíneknek vagy a rendezvénytechnikai cégeknek megvalósítható lenne. Végső gondolat pedig, hogy ebben a szakmában sokkal nagyobb értéket jelentenek a kapcsolatok, mint a megszerzett csillagok száma. 
695 |a energiaválság 
695 |a koronavírus-járvány (COVID-19) 
695 |a minősítési rendszer 
695 |a piaci kapcsolat 
695 |a rendezvényszervezés 
700 1 |a Csulak Gergely  |e ths 
856 4 0 |u http://dolgozattar.uni-bge.hu/59620/1/Szakdolgozat%20-%20Szer%C3%A9nyi%20Andr%C3%A1s.pdf  |z Dokumentum-elérés 
856 4 0 |u http://dolgozattar.uni-bge.hu/59620/2/Szer%C3%A9nyi%20Andr%C3%A1s%20D%C3%A1vid-APFHLU_Szakdolgozat_b%C3%ADr%C3%A1lati_lap-CsG.pdf  |z Dokumentum-elérés 
856 4 0 |u http://dolgozattar.uni-bge.hu/59620/3/Szer%C3%A9nyi%20Andr%C3%A1s.pdf  |z Dokumentum-elérés